| 000 | 00520nam a2200193 a 4500 | ||
|---|---|---|---|
| 001 | 1770453313413 | ||
| 003 | YourLibrary | ||
| 005 | 20260207140846.0 | ||
| 008 | 260207s1992##################000#0#eng## | ||
| 020 | _a9780415035163 | ||
| 082 | 0 | 4 |
_a330.157 _bKLE.4 |
| 100 | 1 |
_aHayek, Friedrich August, _eauthor. |
|
| 245 | 1 | 0 | _aThe Fortunes of Liberalism : |
| 260 |
_bPsychology Press, _c1992. |
||
| 300 | _a279 pages | ||
| 650 | 0 | _aBusiness & Economics. | |
| 942 | _cENGLISH | ||
| 040 |
_aYourLibrary _beng _cYourLibrary |
||
| 999 |
_c611096 _d611096 |
||